[Event "16. Rusia tch HL"]
[Site "Dagomys RUS"]
[Date "2009.04.07"]
[Round "6.25"]
[White "Sjugirov, Sanan"]
[Black "Kononenko, Dmitry"]
[Result "1-0"]
[WhiteElo "2588"]
[BlackElo "2569"]
[PlyCount "131"]
[EventDate "2009.04.02"]
[EventType "team"]
[EventRounds "8"]
[EventCountry "RUS"]
[Source "lmi"]
[SourceDate "2009.04.04"]

1. e4 c5 2. Nf3 Nc6 3. d4 cxd4 4. Nxd4 Nf6 5. Nc3 d6 6. Bg5 e6 7. Qd2 a6 8.
O-O-O Bd7 9. f3 h6 10. Be3 Qc7 11. g4 Ne5 12. Kb1 b5 13. Bd3 b4 14. Nce2 d5 15.
exd5 Nxd5 16. Bf2 Nxd3 17. Qxd3 Bd6 18. Nf5 Be5 19. f4 Bf6 20. g5 hxg5 21. fxg5
Be5 22. Nfd4 Rxh2 23. Rxh2 Bxh2 24. Qh7 O-O-O 25. Qxg7 Be8 26. Qh7 Bd6 27. Qe4
Bc6 28. Qg4 Ne7 29. Rc1 Kb8 30. c3 Qb7 31. cxb4 Be4+ 32. Ka1 e5 33. Nb3 Bf3 34.
Qc4 Qb5 35. Qxb5+ axb5 36. Nc3 Bxb4 37. Nxb5 Bc6 38. Nc3 Nf5 39. a3 Be7 40. Re1
Rd3 41. Na5 Bd7 42. Nc4 Nd4 43. Bxd4 Rxd4 44. Nxe5 Bxg5 45. Re4 Rd2 46. Nxf7
Bf6 47. Ne5 Bf5 48. Rb4+ Kc8 49. Rf4 Bxe5 50. Rxf5 Bd4 51. Rf3 Kb7 52. Ka2 Kc6
53. Kb3 Be5 54. Re3 Bg7 55. Re6+ Kd7 56. Rg6 Be5 57. Rg5 Kd6 58. Rg4 Bd4 59.
Rg6+ Kd7 60. Rd6+ Kc8 61. Rd5 Kb7 62. Kc4 Be3 63. Rxd2 Bxd2 64. Kb5 Bc1 65. Nd1
Bf4 66. Nf2 1-0

[Event "16. Rusia tch HL"]
[Site "Dagomys RUS"]
[Date "2009.04.07"]
[Round "6.26"]
[White "Chernyshov, Konstantin"]
[Black "Zontakh, Andrey"]
[Result "1-0"]
[WhiteElo "2540"]
[BlackElo "2581"]
[PlyCount "161"]
[EventDate "2009.04.02"]
[EventType "team"]
[EventRounds "8"]
[EventCountry "RUS"]
[Source "lmi"]
[SourceDate "2009.04.04"]

1. d4 d5 2. Nf3 Nf6 3. Bg5 e6 4. e3 h6 5. Bh4 c5 6. c3 Nc6 7. Nbd2 Be7 8. Bxf6
gxf6 9. a3 cxd4 10. cxd4 Bd7 11. b4 Bd6 12. Be2 Ne7 13. O-O Ng6 14. Ne1 Qe7 15.
Nd3 b6 16. e4 dxe4 17. Nxe4 Bc6 18. Bf3 Rd8 19. Re1 Kf8 20. Rc1 Bd5 21. Nc3
Bxf3 22. Qxf3 Kg7 23. g3 f5 24. d5 Qf6 25. dxe6 fxe6 26. Nb5 Bb8 27. Rc6 Rhe8
28. Nc7 Bxc7 29. Rxc7+ Re7 30. Nf4 Nxf4 31. Qxf4 Rdd7 32. Rc8 e5 33. Qc4 Qf7
34. Qc2 Rd6 35. Re3 e4 36. Kg2 Qd5 37. Rc7 Rde6 38. Qc1 Qe5 39. Rec3 Kg6 40.
Rc8 Re8 41. R8c4 R8e7 42. Qe3 Rf7 43. Rc8 Kg7 44. R3c6 Rxc6 45. Rxc6 Rf6 46.
Rc4 Rf7 47. a4 Qe6 48. Qc3+ Qf6 49. Qxf6+ Kxf6 50. Rc6+ Ke5 51. Rxh6 Rc7 52. a5
b5 53. h4 Rc2 54. Rh7 Kf6 55. Kf1 Rb2 56. Rxa7 Rxb4 57. Ra6+ Kg7 58. Rb6 Rb2
59. a6 b4 60. Rb5 Ra2 61. Rxf5 Rxa6 62. Rb5 Ra1+ 63. Ke2 Kf6 64. Ke3 Re1+ 65.
Kf4 Re2 66. Rb6+ Kg7 67. Rxb4 Rxf2+ 68. Kxe4 Rh2 69. Kf5 Rc2 70. g4 Rc5+ 71.
Kf4 Rc6 72. g5 Rc1 73. Kg4 Ra1 74. Rb7+ Kg8 75. Kh5 Ra4 76. g6 Rc4 77. Kg5 Ra4
78. h5 Ra5+ 79. Kh6 Ra8 80. Rb5 Kh8 81. Kg5 1-0

[Event "16. Rusia tch HL"]
[Site "Dagomys RUS"]
[Date "2009.04.07"]
[Round "6.27"]
[White "Vysochin, Spartak"]
[Black "Belikov, Vladimir"]
[Result "1-0"]
[WhiteElo "2543"]
[BlackElo "2505"]
[PlyCount "91"]
[EventDate "2009.04.02"]
[EventType "team"]
[EventRounds "8"]
[EventCountry "RUS"]
[Source "lmi"]
[SourceDate "2009.04.04"]

1. e4 e5 2. Nf3 Nf6 3. d4 Nxe4 4. Bd3 d5 5. dxe5 Nc5 6. Be2 Be7 7. O-O O-O 8.
Be3 Nba6 9. a3 c6 10. b4 Ne6 11. Ra2 Nac7 12. c3 f5 13. c4 g5 14. Nc3 f4 15.
Bc1 g4 16. Ne1 dxc4 17. Rd2 Qe8 18. Bxc4 Qg6 19. f3 g3 20. Ne4 gxh2+ 21. Kh1
Nd5 22. Bxd5 cxd5 23. Nf6+ Bxf6 24. exf6 d4 25. Nc2 Qxf6 26. Nxd4 Ng7 27. Bb2
Nh5 28. Ne2 Qg6 29. Rd6 Be6 30. Qd4 Rae8 31. Re1 Re7 32. Qh8+ Kf7 33. Qe5 Qf5
34. Rxe6 Qxe6 35. Qxh5+ Qg6 36. Qd5+ Qe6 37. Nxf4 Qxd5 38. Rxe7+ Kxe7 39. Nxd5+
Kd6 40. Ne3 Kc6 41. Bd4 Kb5 42. Bxa7 b6 43. Nd5 Rd8 44. a4+ Kxa4 45. Nc3+ Kxb4
46. Bxb6 1-0

[Event "16. Rusia tch HL"]
[Site "Dagomys RUS"]
[Date "2009.04.07"]
[Round "6.28"]
[White "Kalugin, Sergey V"]
[Black "Geller, Jakov"]
[Result "0-1"]
[WhiteElo "2406"]
[BlackElo "2525"]
[PlyCount "102"]
[EventDate "2009.04.02"]
[EventType "team"]
[EventRounds "8"]
[EventCountry "RUS"]
[Source "lmi"]
[SourceDate "2009.04.04"]

1. e4 c5 2. Nf3 d6 3. d4 cxd4 4. Nxd4 Nf6 5. Nc3 e6 6. g4 e5 7. Bb5+ Bd7 8.
Bxd7+ Qxd7 9. Nf5 h5 10. f3 hxg4 11. fxg4 g6 12. Ne3 Be7 13. g5 Nh5 14. Ned5
Nc6 15. Nxe7 Nxe7 16. Qf3 b5 17. a3 O-O 18. Be3 a5 19. O-O Rac8 20. Rf2 Rc4 21.
Rd1 b4 22. axb4 axb4 23. Nd5 Nxd5 24. Rxd5 Rfc8 25. Rfd2 Rxc2 26. Rxd6 Rxd2 27.
Rxd2 Qe6 28. Kg2 b3 29. Qd1 Kg7 30. h3 Qc4 31. Kf3 Qe6 32. Kg2 Rh8 33. Rd3 Qc4
34. Kf3 Nf4 35. Bxf4 exf4 36. Kxf4 Rh4+ 37. Kg3 Rxe4 38. Qf3 Qc7+ 39. Kg2 Qc2+
40. Kg3 Qc7+ 41. Kg2 Rf4 42. Qe3 Rf5 43. h4 Qc6+ 44. Kg3 Kh7 45. Rd2 Qc1 46.
Re2 Qc7+ 47. Kg2 Rf4 48. Rf2 Rxh4 49. Qg3 Qc4 50. Qf3 Kg8 51. Kg3 Rd4 0-1

[Event "16. Rusia tch HL"]
[Site "Dagomys RUS"]
[Date "2009.04.07"]
[Round "6.29"]
[White "Slugin, Sergey"]
[Black "Belokrylov, Alex"]
[Result "1/2-1/2"]
[WhiteElo "2439"]
[BlackElo "2314"]
[PlyCount "136"]
[EventDate "2009.04.02"]
[EventType "team"]
[EventRounds "8"]
[EventCountry "RUS"]
[Source "lmi"]
[SourceDate "2009.04.04"]

1. d4 Nf6 2. c4 g6 3. Nc3 Bg7 4. e4 d6 5. Nf3 O-O 6. Be2 e5 7. Be3 Ng4 8. Bg5
f6 9. Bh4 g5 10. Bg3 Nh6 11. c5 g4 12. Nh4 Nc6 13. cxd6 cxd6 14. dxe5 dxe5 15.
Bc4+ Kh8 16. O-O Nd4 17. f4 gxf3 18. Nxf3 Bg4 19. Qd3 Nxf3+ 20. gxf3 Qxd3 21.
Bxd3 Be6 22. Rfd1 Nf7 23. Bc2 Ng5 24. Kg2 Bh3+ 25. Kf2 Ne6 26. Ne2 Rac8 27. Bb3
Nc5 28. Bd5 a5 29. Nc3 f5 30. Bh4 fxe4 31. Nxe4 Nxe4+ 32. Bxe4 Bf5 33. Re1 Bxe4
34. Rxe4 Rc2+ 35. Re2 Rc4 36. Be7 Rf7 37. Rd1 h6 38. Bd6 e4 39. f4 Kh7 40. b3
Rc8 41. Ke3 Bc3 42. Kxe4 Rd7 43. Rd3 Rcd8 44. Rxc3 Rxd6 45. Rc7+ Kg6 46. Rg2+
Kf6 47. Rgg7 Rd4+ 48. Kf3 h5 49. Kg3 Rd2 50. Rcf7+ Ke6 51. Re7+ Kd6 52. Rxb7
Rxa2 53. Rg6+ Kc5 54. Rc7+ Kb4 55. Rb6+ Ka3 56. Rc5 Rd3+ 57. Kh4 Rxh2+ 58. Kg5
Rg2+ 59. Kf6 h4 60. Rxa5+ Kb2 61. Rh5 h3 62. Rb8 h2 63. Rbh8 Rf3 64. Rxh2 Rxf4+
65. Ke5 Rff2 66. Rxg2 Rxg2 67. Rb8 Kc3 68. b4 Kc4 1/2-1/2

[Event "16. Rusia tch HL"]
[Site "Dagomys RUS"]
[Date "2009.04.07"]
[Round "6.30"]
[White "Simonian, Hrair"]
[Black "Gladyszev, Oleg"]
[Result "1/2-1/2"]
[WhiteElo "2504"]
[BlackElo "2434"]
[PlyCount "40"]
[EventDate "2009.04.02"]
[EventType "team"]
[EventRounds "8"]
[EventCountry "RUS"]
[Source "lmi"]
[SourceDate "2009.04.04"]

1. Nf3 c5 2. b3 d6 3. d4 g6 4. Bb2 Bg7 5. e3 Nh6 6. Qc1 cxd4 7. Nxd4 O-O 8. Be2
Bg4 9. c4 Bxe2 10. Nxe2 Bxb2 11. Qxb2 d5 12. Nd2 Nc6 13. O-O dxc4 14. Nxc4 Qc7
15. Rac1 Rad8 16. h3 b5 17. Na5 Qxa5 18. Rxc6 Rd2 19. Rc2 Rxc2 20. Qxc2 Nf5
1/2-1/2

[Event "16. Rusia tch HL"]
[Site "Dagomys RUS"]
[Date "2009.04.08"]
[Round "7.1"]
[White "Kononenko, Dmitry"]
[Black "Galkin, Alexander"]
[Result "1/2-1/2"]
[WhiteElo "2569"]
[BlackElo "2617"]
[PlyCount "29"]
[EventDate "2009.04.02"]
[EventType "team"]
[EventRounds "8"]
[EventCountry "RUS"]
[Source "lmi"]
[SourceDate "2009.04.04"]

1. e4 c5 2. Nf3 d6 3. d4 cxd4 4. Nxd4 Nf6 5. Nc3 Nc6 6. Be2 e6 7. O-O Be7 8.
Be3 O-O 9. f4 Qc7 10. Qe1 Nxd4 11. Bxd4 e5 12. Be3 exf4 13. Bxf4 Be6 14. Qg3
Rfd8 15. Kh1 1/2-1/2

[Event "16. Rusia tch HL"]
[Site "Dagomys RUS"]
[Date "2009.04.08"]
[Round "7.2"]
[White "Khairullin, Ildar"]
[Black "Chernyshov, Konstantin"]
[Result "1/2-1/2"]
[WhiteElo "2606"]
[BlackElo "2540"]
[PlyCount "43"]
[EventDate "2009.04.02"]
[EventType "team"]
[EventRounds "8"]
[EventCountry "RUS"]
[Source "lmi"]
[SourceDate "2009.04.04"]

1. d4 d6 2. e4 Nf6 3. Nc3 g6 4. Nf3 Bg7 5. Be2 c6 6. O-O O-O 7. h3 Qb6 8. e5
dxe5 9. dxe5 Rd8 10. Bd3 Nd5 11. Nxd5 cxd5 12. Re1 Nc6 13. a3 Nd4 14. Nxd4 Qxd4
15. Bg5 Kf8 16. c3 Qb6 17. Qd2 d4 18. c4 Be6 19. b4 Qc7 20. Qe2 a5 21. Bf4 b6
22. h4 1/2-1/2

[Event "16. Rusia tch HL"]
[Site "Dagomys RUS"]
[Date "2009.04.08"]
[Round "7.3"]
[White "Belikov, Vladimir"]
[Black "Dyachkov, Sergej"]
[Result "1/2-1/2"]
[WhiteElo "2505"]
[BlackElo "2568"]
[PlyCount "35"]
[EventDate "2009.04.02"]
[EventType "team"]
[EventRounds "8"]
[EventCountry "RUS"]
[Source "lmi"]
[SourceDate "2009.04.04"]

1. e4 e6 2. d4 d5 3. exd5 exd5 4. Nf3 Nc6 5. Bb5 Bd6 6. c4 dxc4 7. d5 a6 8. Ba4
b5 9. dxc6 bxa4 10. O-O Ne7 11. Qxa4 O-O 12. Qxc4 Be6 13. Qc2 Bf5 14. Qa4 Bd3
15. Re1 Bb5 16. Qc2 Nxc6 17. a3 Qd7 18. Nc3 1/2-1/2

[Event "16. Rusia tch HL"]
[Site "Dagomys RUS"]
[Date "2009.04.08"]
[Round "7.4"]
[White "Evdokimov, Alexander A"]
[Black "Kalugin, Sergey V"]
[Result "1/2-1/2"]
[WhiteElo "2546"]
[BlackElo "2406"]
[PlyCount "45"]
[EventDate "2009.04.02"]
[EventType "team"]
[EventRounds "8"]
[EventCountry "RUS"]
[Source "lmi"]
[SourceDate "2009.04.04"]

1. d4 d6 2. Nf3 Nf6 3. c4 g6 4. Nc3 Bg7 5. e4 O-O 6. Be2 e5 7. O-O Nbd7 8. Be3
Re8 9. d5 Nh5 10. Re1 Bf8 11. Rc1 Be7 12. b4 Ng7 13. Nd2 f5 14. exf5 Nxf5 15.
Nde4 Nxe3 16. fxe3 a5 17. a3 Nf6 18. Bf3 axb4 19. axb4 Nxe4 20. Bxe4 Rf8 21.
Qd3 Kg7 22. Ra1 Bd7 23. Bf3 1/2-1/2

[Event "16. Rusia tch HL"]
[Site "Dagomys RUS"]
[Date "2009.04.08"]
[Round "7.5"]
[White "Belokrylov, Alex"]
[Black "Kovchan, Alexander"]
[Result "0-1"]
[WhiteElo "2314"]
[BlackElo "2543"]
[PlyCount "99"]
[EventDate "2009.04.02"]
[EventType "team"]
[EventRounds "8"]
[EventCountry "RUS"]
[Source "lmi"]
[SourceDate "2009.04.04"]

1. d4 Nf6 2. c4 g6 3. Nf3 Bg7 4. g3 c6 5. Bg2 d5 6. cxd5 cxd5 7. Nc3 O-O 8. O-O
e6 9. Bf4 Nc6 10. Ne5 Nd7 11. Nxc6 bxc6 12. Na4 Qa5 13. Bd6 Re8 14. b4 Qb5 15.
e4 a5 16. Nc3 Qb6 17. e5 Ba6 18. Re1 axb4 19. Rb1 Bf8 20. Rxb4 Qa5 21. Bxf8
Rxf8 22. Qa4 Qxa4 23. Nxa4 Rfb8 24. Reb1 Rxb4 25. Rxb4 Bc4 26. a3 Bb5 27. Nc3
Rxa3 28. Nxb5 cxb5 29. Rxb5 Ra4 30. Bxd5 exd5 31. Rxd5 Nf8 32. Rd8 Kg7 33. d5
g5 34. f3 Ng6 35. e6 fxe6 36. dxe6 Kf6 37. Rd7 Ne7 38. Rd8 Ra6 39. Rf8+ Kg6 40.
f4 g4 41. h3 h5 42. hxg4 hxg4 43. Rh8 Rxe6 44. Kf2 Kg7 45. Rh5 Ng8 46. Rg5+ Rg6
47. Ke3 Nf6 48. Re5 Rh6 49. f5 Rh1 50. Kf4 0-1

[Event "16. Rusia tch HL"]
[Site "Dagomys RUS"]
[Date "2009.04.08"]
[Round "7.6"]
[White "Lushenkov, Mikhail"]
[Black "Olenin, Nikolay"]
[Result "1-0"]
[WhiteElo "2464"]
[BlackElo "2325"]
[PlyCount "73"]
[EventDate "2009.04.02"]
[EventType "team"]
[EventRounds "8"]
[EventCountry "RUS"]
[Source "lmi"]
[SourceDate "2009.04.04"]

1. Nf3 g6 2. e4 c5 3. c4 Bg7 4. d4 cxd4 5. Nxd4 Nc6 6. Be3 Nf6 7. Nc3 d6 8. Be2
O-O 9. O-O Nxd4 10. Bxd4 Be6 11. Qd2 Qa5 12. Rfd1 Rfc8 13. b3 Nd7 14. Nd5 Qd8
15. Bxg7 Kxg7 16. Nf4 Nf6 17. Bf3 Qc7 18. e5 dxe5 19. Nxe6+ fxe6 20. Re1 a5 21.
Qg5 a4 22. b4 e4 23. Bxe4 Qb6 24. Bd3 Qxb4 25. Rxe6 Rc7 26. Qe5 Rac8 27. a3 Qc5
28. Qxc5 Rxc5 29. Rxe7+ Kh6 30. Rxb7 Ng4 31. Rb5 Rxb5 32. cxb5 Ne5 33. Be2 Rc2
34. Kf1 Rb2 35. Rd1 Rb3 36. f4 Nf7 37. Bc4 1-0

[Event "16. Rusia tch HL"]
[Site "Dagomys RUS"]
[Date "2009.04.08"]
[Round "7.9"]
[White "Kashlinskaya, Alina"]
[Black "Vysochin, Spartak"]
[Result "0-1"]
[WhiteElo "2344"]
[BlackElo "2543"]
[PlyCount "54"]
[EventDate "2009.04.02"]
[EventType "team"]
[EventRounds "8"]
[EventCountry "RUS"]
[Source "lmi"]
[SourceDate "2009.04.04"]

1. d4 d5 2. c4 c6 3. Nf3 Nf6 4. Nc3 a6 5. c5 Bf5 6. Bf4 Nbd7 7. e3 Nh5 8. Bd3
Nxf4 9. exf4 Bg4 10. h3 Bxf3 11. Qxf3 e6 12. O-O g6 13. Qg4 Bg7 14. Ne2 O-O 15.
b4 b6 16. Rab1 a5 17. b5 bxc5 18. bxc6 c4 19. cxd7 cxd3 20. Nc1 Qxd7 21. Nxd3
Qa4 22. Nc5 Qxd4 23. Rfc1 Rac8 24. Nb3 Qa4 25. Qe2 Rxc1+ 26. Nxc1 Qxf4 27. Qb5
Rc8 0-1

[Event "16. Rusia tch HL"]
[Site "Dagomys RUS"]
[Date "2009.04.08"]
[Round "7.10"]
[White "Geller, Jakov"]
[Black "Kozlov, Gennady"]
[Result "1-0"]
[WhiteElo "2525"]
[BlackElo "2265"]
[PlyCount "85"]
[EventDate "2009.04.02"]
[EventType "team"]
[EventRounds "8"]
[EventCountry "RUS"]
[Source "lmi"]
[SourceDate "2009.04.04"]

1. d4 e6 2. Nf3 Nf6 3. Bf4 c5 4. e3 d5 5. c3 Bd6 6. Bxd6 Qxd6 7. Ne5 Nc6 8. f4
Ne4 9. Bd3 Nxe5 10. fxe5 Qe7 11. O-O f5 12. Bxe4 dxe4 13. Na3 O-O 14. Nc4 cxd4
15. Qxd4 b6 16. Nd6 Ba6 17. c4 Rfd8 18. a4 Rac8 19. Rac1 Rc6 20. b4 Rc7 21. b5
Bb7 22. c5 bxc5 23. Rxc5 Rcd7 24. a5 h6 25. b6 axb6 26. axb6 Kh7 27. Qc3 Bd5
28. Rc7 Kg6 29. Ra1 Kh7 30. Raa7 h5 31. h3 h4 32. Qe1 Kg8 33. Rxd7 Rxd7 34.
Rxd7 Qxd7 35. Qxh4 Qc6 36. Qd8+ Kh7 37. Kh2 Qc3 38. Qh4+ Kg8 39. b7 Qc7 40. Qh5
Bxb7 41. Qe8+ Kh7 42. Qxe6 g6 43. Ne8 1-0

[Event "16. Rusia tch HL"]
[Site "Dagomys RUS"]
[Date "2009.04.08"]
[Round "7.11"]
[White "Oparin, Grigoriy"]
[Black "Slugin, Sergey"]
[Result "1/2-1/2"]
[WhiteElo "2257"]
[BlackElo "2439"]
[PlyCount "98"]
[EventDate "2009.04.02"]
[EventType "team"]
[EventRounds "8"]
[EventCountry "RUS"]
[Source "lmi"]
[SourceDate "2009.04.04"]

1. e4 c6 2. d4 d5 3. e5 Bf5 4. Nd2 e6 5. Nb3 Nd7 6. Nf3 Ne7 7. Be2 Nc8 8. a4
Ncb6 9. a5 Nc4 10. Nfd2 Nxd2 11. Bxd2 Be7 12. O-O O-O 13. g4 Bg6 14. f4 Be4 15.
Be3 f5 16. Nd2 c5 17. Nxe4 fxe4 18. c4 cxd4 19. Bxd4 Nb8 20. cxd5 exd5 21. a6
Nxa6 22. Bxa6 bxa6 23. Qd2 Rc8 24. Rad1 Bc5 25. Bxc5 Rxc5 26. f5 Qh4 27. Qf4 h5
28. gxh5 Qxf4 29. Rxf4 Kh7 30. Kf2 Rb8 31. Ke3 Rbb5 32. e6 Rc4 33. Rd2 Kh6 34.
f6 Rb3+ 35. Ke2 gxf6 36. Rxf6+ Kg7 37. Rg6+ Kf8 38. Rxd5 Rc2+ 39. Kd1 Rd3+ 40.
Rxd3 exd3 41. h4 Rc4 42. Kd2 Rxh4 43. Rh6 Ke7 44. Kxd3 a5 45. Kc3 a4 46. Kc2
Rh3 47. Kb1 a3 48. bxa3 Rxa3 49. Rh8 Kxe6 1/2-1/2

[Event "16. Rusia tch HL"]
[Site "Dagomys RUS"]
[Date "2009.04.08"]
[Round "7.13"]
[White "Kokarev, Dmitry"]
[Black "Landa, Konstantin"]
[Result "1/2-1/2"]
[WhiteElo "2603"]
[BlackElo "2627"]
[PlyCount "51"]
[EventDate "2009.04.02"]
[EventType "team"]
[EventRounds "8"]
[EventCountry "RUS"]
[Source "lmi"]
[SourceDate "2009.04.04"]

1. e4 c6 2. d4 d5 3. Nc3 dxe4 4. Nxe4 Bf5 5. Ng3 Bg6 6. h4 h6 7. Nf3 Nd7 8. h5
Bh7 9. Bd3 Bxd3 10. Qxd3 e6 11. Bd2 Ngf6 12. O-O-O Be7 13. Ne4 Nxe4 14. Qxe4
Nf6 15. Qe2 Qd5 16. c4 Qe4 17. Qxe4 Nxe4 18. Be3 O-O 19. Ne5 Rfd8 20. Kc2 Bg5
21. Bxg5 Nxg5 22. f3 Nh7 23. Kc3 Nf6 24. g4 Nd7 25. Nd3 Kf8 26. Rhe1 1/2-1/2

[Event "16. Rusia tch HL"]
[Site "Dagomys RUS"]
[Date "2009.04.08"]
[Round "7.14"]
[White "Khenkin, Igor"]
[Black "Maletin, Pavel"]
[Result "1/2-1/2"]
[WhiteElo "2630"]
[BlackElo "2559"]
[PlyCount "23"]
[EventDate "2009.04.02"]
[EventType "team"]
[EventRounds "8"]
[EventCountry "RUS"]
[Source "lmi"]
[SourceDate "2009.04.04"]

1. d4 Nf6 2. c4 e6 3. Nf3 b6 4. Nc3 Bb7 5. a3 d5 6. cxd5 Nxd5 7. e3 g6 8. Bd3
Bg7 9. Nxd5 exd5 10. b4 O-O 11. O-O c6 12. Qc2 1/2-1/2

[Event "16. Rusia tch HL"]
[Site "Dagomys RUS"]
[Date "2009.04.08"]
[Round "7.15"]
[White "Kryakvin, Dmitry"]
[Black "Rakhmanov, Aleksandr"]
[Result "1-0"]
[WhiteElo "2583"]
[BlackElo "2543"]
[PlyCount "127"]
[EventDate "2009.04.02"]
[EventType "team"]
[EventRounds "8"]
[EventCountry "RUS"]
[Source "lmi"]
[SourceDate "2009.04.04"]

1. e4 e6 2. d4 d5 3. Nc3 Nf6 4. e5 Nfd7 5. f4 c5 6. Nf3 Nc6 7. Be3 a6 8. Qd2 b5
9. a3 Qb6 10. Ne2 c4 11. Rg1 h5 12. g3 b4 13. axb4 Bxb4 14. c3 Be7 15. f5 exf5
16. Nf4 Qb5 17. e6 Nb6 18. exf7+ Kxf7 19. Bg2 g6 20. Kf2 Be6 21. Rge1 Rae8 22.
Nxe6 Kxe6 23. Bg5+ Kd7 24. Bxe7 Rxe7 25. Rxe7+ Nxe7 26. Ne5+ Kc7 27. Nf7 Rf8
28. Ng5 Rf6 29. Re1 Kd7 30. Qe2 Nbc8 31. Ne6 Qc6 32. Nc5+ Ke8 33. Qe3 Kf7 34.
Qh6 Kg8 35. Re5 Rd6 36. Bf3 Rf6 37. Kg1 Rd6 38. Bg2 Qe8 39. Ne6 Qf7 40. Nf4 Nb6
41. Bf3 Nc6 42. Bxh5 Qf8 43. Qg5 Qd8 44. Qxd8+ Rxd8 45. Re6 gxh5 46. Rxc6 Na4
47. Rxa6 Nxb2 48. Ra5 Re8 49. Nxd5 Re2 50. Ra7 Nd1 51. Rc7 Nf2 52. Nf6+ Kf8 53.
Rxc4 h4 54. gxh4 f4 55. Nh7+ Kg7 56. Ng5 Kg6 57. d5 Kf5 58. Rd4 Ng4 59. d6 Ne3
60. d7 Rg2+ 61. Kh1 Rc2 62. Rd1 Nxd1 63. d8=Q Ne3 64. Qd7+ 1-0

[Event "16. Rusia tch HL"]
[Site "Dagomys RUS"]
[Date "2009.04.08"]
[Round "7.17"]
[White "Ovetchkin, Roman"]
[Black "Zabotin, Alexander"]
[Result "1-0"]
[WhiteElo "2549"]
[BlackElo "2486"]
[PlyCount "65"]
[EventDate "2009.04.02"]
[EventType "team"]
[EventRounds "8"]
[EventCountry "RUS"]
[Source "lmi"]
[SourceDate "2009.04.04"]

1. e4 c5 2. Nf3 d6 3. d4 cxd4 4. Nxd4 Nf6 5. Nc3 Nc6 6. Bg5 e6 7. Qd2 a6 8.
O-O-O Bd7 9. f3 Be7 10. h4 b5 11. Nxc6 Bxc6 12. Ne2 Rb8 13. Nd4 Bd7 14. Kb1 a5
15. g4 h5 16. gxh5 Rxh5 17. Bh3 Rh8 18. Rhe1 b4 19. f4 Kf8 20. Qg2 Nh5 21. Rf1
Rb6 22. e5 g6 23. Qf2 d5 24. Bg4 a4 25. Bxe7+ Kxe7 26. Bxh5 Rxh5 27. Rg1 Qc7
28. Rg5 Rxg5 29. fxg5 Qxe5 30. Re1 Qd6 31. Qf6+ Ke8 32. h5 Qe7 33. h6 1-0

[Event "16. Rusia tch HL"]
[Site "Dagomys RUS"]
[Date "2009.04.08"]
[Round "7.18"]
[White "Chernobay, Artem"]
[Black "Vokarev, Sergey"]
[Result "1-0"]
[WhiteElo "2398"]
[BlackElo "2521"]
[PlyCount "85"]
[EventDate "2009.04.02"]
[EventType "team"]
[EventRounds "8"]
[EventCountry "RUS"]
[Source "lmi"]
[SourceDate "2009.04.04"]

1. e4 c6 2. d4 d5 3. Nc3 dxe4 4. Nxe4 Bf5 5. Ng3 Bg6 6. h4 h6 7. Nf3 Nd7 8. h5
Bh7 9. Bd3 Bxd3 10. Qxd3 e6 11. Bd2 Ngf6 12. O-O-O Be7 13. Ne4 O-O 14. Nxf6+
Nxf6 15. g4 Qd5 16. g5 hxg5 17. Bxg5 Qxa2 18. h6 g6 19. Rdg1 Qa1+ 20. Kd2 Qa5+
21. Kd1 Qa1+ 22. Kd2 Qa5+ 23. Ke2 Qf5 24. h7+ Kh8 25. Qxf5 exf5 26. Ne5 Nd5 27.
Bh6 Bf6 28. Bxf8 Rxf8 29. Kf3 Bxe5 30. dxe5 Re8 31. c4 Nb6 32. b3 Nd7 33. Rd1
Nxe5+ 34. Kg3 g5 35. f4 gxf4+ 36. Kxf4 Ng6+ 37. Kxf5 Kg7 38. Rd7 b5 39. cxb5
Re5+ 40. Kg4 Rxb5 41. Rd8 Rb4+ 42. Kg3 Rxb3+ 43. Kf2 1-0

[Event "16. Rusia tch HL"]
[Site "Dagomys RUS"]
[Date "2009.04.08"]
[Round "7.20"]
[White "Nikolenko, Oleg"]
[Black "Yevseev, Denis"]
[Result "1/2-1/2"]
[WhiteElo "2524"]
[BlackElo "2529"]
[PlyCount "40"]
[EventDate "2009.04.02"]
[EventType "team"]
[EventRounds "8"]
[EventCountry "RUS"]
[Source "lmi"]
[SourceDate "2009.04.04"]

1. e4 c6 2. d4 d5 3. Nc3 dxe4 4. Nxe4 Bf5 5. Nc5 e5 6. Nxb7 Qb6 7. Nc5 exd4 8.
Nb3 Bb4+ 9. Bd2 Nf6 10. Bxb4 Qxb4+ 11. Qd2 Qxd2+ 12. Kxd2 Ne4+ 13. Ke1 c5 14.
f3 Nd6 15. Nxc5 O-O 16. Bd3 Rc8 17. Ne4 Re8 18. Kd2 Bxe4 19. fxe4 Nxe4+ 20.
Bxe4 Rxe4 1/2-1/2

[Event "16. Rusia tch HL"]
[Site "Dagomys RUS"]
[Date "2009.04.08"]
[Round "7.21"]
[White "Klimov, Sergey"]
[Black "Mozharov, Mikhail"]
[Result "1/2-1/2"]
[WhiteElo "2521"]
[BlackElo "2475"]
[PlyCount "52"]
[EventDate "2009.04.02"]
[EventType "team"]
[EventRounds "8"]
[EventCountry "RUS"]
[Source "lmi"]
[SourceDate "2009.04.04"]

1. d4 d5 2. c4 c6 3. Nf3 Nf6 4. Nc3 a6 5. c5 Bf5 6. Bf4 g6 7. e3 Bg7 8. h3 O-O
9. Bd3 Bxd3 10. Qxd3 Nbd7 11. O-O Re8 12. Bh2 Nh5 13. g4 Nhf6 14. Ne5 Nxe5 15.
Bxe5 Nd7 16. Bxg7 Kxg7 17. f4 b6 18. cxb6 Qxb6 19. b3 f6 20. Rf2 e5 21. fxe5
fxe5 22. Raf1 Re7 23. dxe5 Nxe5 24. Qd4 Qxd4 25. exd4 Nd7 26. Re2 Rxe2 1/2-1/2

[Event "16. Rusia tch HL"]
[Site "Dagomys RUS"]
[Date "2009.04.08"]
[Round "7.22"]
[White "Nagibin, George"]
[Black "Lintchevski, Daniil"]
[Result "1/2-1/2"]
[WhiteElo "2386"]
[BlackElo "2485"]
[PlyCount "45"]
[EventDate "2009.04.02"]
[EventType "team"]
[EventRounds "8"]
[EventCountry "RUS"]
[Source "lmi"]
[SourceDate "2009.04.04"]

1. d4 Nf6 2. Nf3 d5 3. Bf4 c5 4. e3 cxd4 5. exd4 Nc6 6. c3 g6 7. Bd3 Bg7 8.
Nbd2 Bg4 9. O-O O-O 10. h3 Bf5 11. Qe2 Bxd3 12. Qxd3 Qc8 13. Qe3 b5 14. a4 a6
15. b4 Qb7 16. Ne5 Rfc8 17. Nd3 bxa4 18. Rxa4 Nd7 19. Rfa1 Qb5 20. Nc5 Nxc5 21.
bxc5 a5 22. Nf3 Qb7 23. Bg3 1/2-1/2

[Event "16. Rusia tch HL"]
[Site "Dagomys RUS"]
[Date "2009.04.08"]
[Round "7.23"]
[White "Matlakov, Maxim"]
[Black "Shorokhov, Alexandr"]
[Result "1-0"]
[WhiteElo "2533"]
[BlackElo "2457"]
[PlyCount "63"]
[EventDate "2009.04.02"]
[EventType "team"]
[EventRounds "8"]
[EventCountry "RUS"]
[Source "lmi"]
[SourceDate "2009.04.04"]

1. d4 Nf6 2. Nf3 g6 3. c4 Bg7 4. g3 O-O 5. Bg2 c6 6. O-O d5 7. b3 Bf5 8. Bb2
Nbd7 9. Nc3 Ne4 10. e3 Nxc3 11. Bxc3 Be4 12. Qe2 Rc8 13. Bh3 Bxf3 14. Qxf3 e6
15. Rfd1 f5 16. Qe2 Nf6 17. a4 g5 18. b4 Ne4 19. Be1 Nd6 20. c5 Ne4 21. f3 Nf6
22. b5 b6 23. Rac1 Nd7 24. e4 Qf6 25. exd5 exd5 26. Qa2 Qe6 27. Bf2 Nf6 28.
cxb6 cxb5 29. Rxc8 Qxc8 30. bxa7 g4 31. fxg4 fxg4 32. Bg2 1-0

[Event "16. Rusia tch HL"]
[Site "Dagomys RUS"]
[Date "2009.04.08"]
[Round "7.24"]
[White "Belov, Igor"]
[Black "Goganov, Aleksey"]
[Result "1/2-1/2"]
[WhiteElo "2443"]
[BlackElo "2462"]
[PlyCount "99"]
[EventDate "2009.04.02"]
[EventType "team"]
[EventRounds "8"]
[EventCountry "RUS"]
[Source "lmi"]
[SourceDate "2009.04.04"]

1. Nf3 Nf6 2. c4 c6 3. d4 d5 4. e3 Bg4 5. Qb3 Qb6 6. Ne5 Be6 7. Nc3 Nbd7 8.
Nxd7 Bxd7 9. Na4 Qxb3 10. axb3 a6 11. Nc5 Rb8 12. Bd3 e6 13. Bd2 Bxc5 14. dxc5
Ne4 15. Bb4 e5 16. O-O f6 17. f3 Ng5 18. f4 exf4 19. exf4 Ne4 20. f5 Kf7 21.
Rad1 Rbe8 22. Bc2 Re5 23. Bxe4 Rxe4 24. Bc3 Re2 25. h3 Rhe8 26. Rd4 R8e4 27.
Rxe4 Rxe4 28. Rd1 Bxf5 29. cxd5 cxd5 30. Rxd5 Be6 31. Rd2 Bxb3 32. Rd7+ Re7 33.
Rxe7+ Kxe7 34. Kf2 Ke6 35. Bd4 Kd5 36. Be3 Ke4 37. h4 a5 38. g3 Bd1 39. Bd2 a4
40. Bb4 Kd4 41. Ke1 Bg4 42. Kf2 h6 43. Ba3 Kc4 44. Ke3 Bf5 45. Kf4 g5+ 46. hxg5
fxg5+ 47. Ke3 h5 48. Kf3 Bd7 49. Ke3 Kb3 50. Kf2 1/2-1/2